Statistics for U.S. States That Border Colorado

Click here to take the quiz!

General Stats

  • This quiz has been taken 32 times
  • The average score is 6 of 6

Answer Stats

State% Correct
Utah
100%
Kansas
97%
Nebraska
97%
Wyoming
97%
New Mexico
93%
Oklahoma
83%

Score Distribution

Percentile by Number Answered

Percent of People with Each Score

Your Score History

You have not taken this quiz